000 00591nam a22001695i 4500
001 154341
003 ES-MaACL
005 20230906205658.0
008 940301s1871 sp |||| | spa d
040 _aAS
_bspa
100 1 _aGodoy Alcántara, José.
_957542
245 1 0 _aEnsayo histórico etimológico filológico sobre los apellidos castellanos /
_cpor José Godoy Alcántara.
260 _aMadrid :
_b[s.n.],
_c1871 (
_fImprenta y estereotipia de M. Rivadeneyra)
300 _a280 p. ;
_c18 cm.
650 4 _aApellidos-
_zEspaña.
_9148523
852 _aES-MaACL
_jF-10067
_z-- Enc. piel
999 _c154341
_d154341